000 01426nam a2200205Ia 4500
003 Ost
005 20260507075114.0
008 260507s9999||||xx |||||||||||||| ||und||
040 _cfsecg
041 _aara
082 _a330
100 _aعطوي، فوزي
_eمؤلف
245 0 _aالإقتصاد والمال في التشريع الإسلامي والنظم الوضعية :
_bبحوث وأحاديث ودراسات مقارنة /
_c فوزي عطوي
260 _aبيروت:
_bدار الفكر العربي,
_c1988
300 _a157 صفحة؛
_c24 سم
504 _aببليوغرافيا:ص.151-156
520 _aالمشكلة الاقتصادية وفكرة المسؤولية،البحوث الإسلامية في اللغات الأجنبية،الجوانب الاقتصادية للزكاة،الانصاف في النظام المالي الإسلامي،الموارد المالية قبل الإسلام،الموارد المالية في الإسلام،المقارنة بين ضرائب الإسلام والأديان الأخرى،الوقف والميراث والوصية في الإسلام،الربا والفائدة والنظام المصرفي،الإسلام ومعالجة الفقر،النقود في الآثار الإسلامية والعربية،تطور النقود العربية والإسلامية
653 _aالاقتصاد الاسلامي
942 _cكتاب
999 _c42975
_d42975